| 000 | 00535nam a2200229Ia 4500 | ||
|---|---|---|---|
| 008 | 150901s9999 xx 000 0 und d | ||
| 020 | _a9788180304118 | ||
| 041 | _aEnglish | ||
| 082 | _a581.1 | ||
| 082 | _bSWA/IN | ||
| 100 | _aAjit Basu.K | ||
| 100 | _aSwaraj Mandal | ||
| 100 | _eAuthor | ||
| 245 | _aIntroduction to plant physiology | ||
| 260 | _aNew Delhi | ||
| 260 | _bCampus books | ||
| 260 | _c2014 | ||
| 300 | _a272 Pages | ||
| 365 | _aRS.1080/- | ||
| 650 | _aPlant physiology | ||
| 942 | _cBK | ||
| 999 |
_c244805 _d244805 |
||